LIBRARY & INFORMATION CENTRE, KCAET, TAVANUR

ONLINE PUBLIC ACCESS CATALOGUE (OPAC)

Development and testing of mixing plant for pot mixture (Record no. 15033)

MARC details
000 -LEADER
fixed length control field 00627nam a22001817a 4500
003 - CONTROL NUMBER IDENTIFIER
control field OSt
088 ## - REPORT NUMBER
Report number P 48
100 ## - MAIN ENTRY--AUTHOR NAME
Personal name RAJESH OMMAN
-- SABU PAUL
245 ## - TITLE STATEMENT
Title Development and testing of mixing plant for pot mixture
260 ## - PUBLICATION, DISTRIBUTION, ETC. (IMPRINT)
Place of publication Tavanur 1996
Name of publisher Department of Farm Power Machinery and Energy
300 ## - PHYSICAL DESCRIPTION
Number of Pages 48
500 ## - GENERAL NOTE
General note Development and testing of mixing plant for pot mixture
520 ## - SUMMARY, ETC.
Summary, etc Development and testing of mixing plant for pot mixture
700 ## - ADDED ENTRY--PERSONAL NAME
Personal name Er. Joby Bastian (Guide)
856 ## - ELECTRONIC LOCATION AND ACCESS
Uniform Resource Identifier https://drive.google.com/open?id=1OuCWq9e6GQALdLkkY_zddIdb0IbDXCJ4
942 ## - ADDED ENTRY ELEMENTS (KOHA)
Koha item type Project Report
Holdings
Collection code Home library Current library Shelving location Full call number Accession Number Koha item type
Reference KAUAET KAUAET Reference 631.3 RAJ/DE P 48 Project Report
free website counter